000
00384nam a2200133Ia 4500
008
100328s9999 xx 000 0 und d
082
_b
28696
100
_a
हरकारे अरुण.
245
_a
कुलस्वामिनी
260
_b
रावजी
630
_a
कुलस्वामिनी
730
_a
कुलस्वामिनी
942
_c
BOOK
999
_c
519985
_d
519982